000 00320nam a22001337a 4500
999 _c55020
_d55020
008 200205b ||||| |||| 00| 0 eng d
041 _aeng
080 _2043.3
_a043.3
082 _a043.3
100 _a0
101 _aBTH
245 _aRreziku dhe Mbrojtja nga Fakte News dhe Deep Fake
_cBrahushi,E
942 _2udc
_cBK